000 00315nam a2200133Ia 4500
008 151213s9999 xx 000 0 und d
100 _aGodfray Winn
245 _aP.Q.17'
_cGodfray Winn
260 _aLondon
_bArrow Books
_c1963
300 _a4603 p.
650 _aReference
700 _aGodfray Winn
999 _c2961
_d2961